Влияние процедуры определения параметров псевдопотенциала на описание термодинамических характеристик плавления Mg u Zn; Известия вузов. Физика; Т. 28, № 7

Detalles Bibliográficos
Parent link:Известия вузов. Физика/ Министерство высшего и среднего специального образования СССР.— , 1957-.— 0021-3411
Т. 28, № 7.— 1985.— С. 116-118
Outros autores: Зольников К. П., Псахье С. Г. Сергей Григорьевич, Панин В. Е. Виктор Евгеньевич, Ланда А. И.
Idioma:ruso
Publicado: 1985
Subjects:
Formato: MixedMaterials Capítulo de libro
KOHA link:https://koha.lib.tpu.ru/cgi-bin/koha/opac-detail.pl?biblionumber=419538

MARC

LEADER 00000naa2a2200000 4500
001 419538
005 20231101073248.0
035 |a (RuTPU)RU\TPU\prd\76965 
035 |a RU\TPU\tpu\11969 
090 |a 419538 
100 |a 20100225a1985 k y0rusy50 ca 
101 0 |a rus 
102 |a RU 
200 1 |a Влияние процедуры определения параметров псевдопотенциала на описание термодинамических характеристик плавления Mg u Zn  |f К. П. Зольников [и др.] 
461 1 |0 (RuTPU)RU\TPU\prd\191  |x 0021-3411  |t Известия вузов. Физика  |f Министерство высшего и среднего специального образования СССР  |d 1957- 
463 1 |0 (RuTPU)RU\TPU\prd\76964  |t Т. 28, № 7  |v С. 116-118  |d 1985 
610 1 |a процедура определения 
610 1 |a параметры 
610 1 |a псевдопотенциал 
610 1 |a плавление 
610 1 |a термодинамические характеристики 
610 1 |a труды учёных ТПУ 
701 1 |a Зольников  |b К. П. 
701 1 |a Псахье  |b С. Г.  |c российский физик  |c профессор Томского государоственного университета, доктор физико-математических наук  |c зав. каф. физики высоких технологий в машиностроении (ФВТМ) МСФ, ТПУ  |c директор Института физики прочности и материаловедения СО РАН  |f 1952-  |g Сергей Григорьевич  |2 stltpush  |3 (RuTPU)RU\TPU\pers\25589 
701 1 |a Панин  |b В. Е.  |c специалист в области физики и механики деформируемого твердого тела, физического материаловедения  |c доктор физико-математических наук, профессор Томского политехнического университета  |c зав. кафедрой материаловедения в машиностроении  |c директор Российского материаловедческого центра  |c научный руководитель института физики прочности и материаловедения СО РАН  |f 1930-  |g Виктор Евгеньевич  |2 stltpush  |3 (RuTPU)RU\TPU\pers\12102 
701 1 |a Ланда  |b А. И. 
801 1 |a RU  |b 63413507  |c 20040323  |g PSBO 
801 2 |a RU  |b 63413507  |c 20111026  |g PSBO 
942 |c BK